00289nam a2200121Ia 4500008004100000041000800041082001200049100001900061245002000080260003500100300002400135365000800159240624s9999 xx 000 0 und d aeng a823 ARC aARCHER JEFFREY aSONS OF FORTUNE c2002aNew DelhibPan Macmillan a516 : p. : cm. ; 17 cBPS